MARC

LEADER 00000nam0a2200000 4500
001 13284
005 20231101204859.0
010 |a 0754611183 
035 |a (RuTPU)RU\TPU\book\13366 
035 |a BOOK00013434 
090 |a 13284 
100 |a 20011209d1999 k y0engy50 ba 
101 0 |a eng 
102 |a GB 
105 |a y z 000zy 
200 1 |a Physical Principles in the Theory of Economic Growth  |f V. N. Pokrovski 
210 |a Aldershot  |c Ashgate  |d 1999 
215 |a 162 p. 
606 1 |a Экономико-математические методы и модели  |2 stltpush  |3 (RuTPU)RU\TPU\subj\26568  |9 50466 
610 1 |a экономика 
610 1 |a экономический рост 
686 |a Ув631  |v LBC/SL-A  |2 rubbk 
700 1 |a Pokrovski  |b V. N.  |g Vladimir N. 
801 0 |a RU  |b 63413507  |c 20011209  |g PSBO 
801 2 |a RU  |b 63413507  |c 20220906  |g PSBO 
942 |c BK